| 000 | 00557nam a2200205Ia 4500 | ||
|---|---|---|---|
| 005 | 20240823052812.0 | ||
| 008 | 240823s9999||||xx |||||||||||||| ||und|| | ||
| 020 | _a978-1-60709-799-0 | ||
| 041 | _aENGLISH | ||
| 082 | _A371.829 Q2 | ||
| 100 | _aAndrea Honinsfeld | ||
| 245 | 0 | _aBreaking the Mold of Education for Culturally and Linguistically Diverse Students | |
| 250 | _a1st | ||
| 260 |
_c2012 _bRowman & Littlefield Publisher |
||
| 500 | _aYES | ||
| 650 |
_aLinguistics _bGeneral |
||
| 700 | _a" Audrey,Cohan" | ||
| 942 | _cBK | ||
| 999 |
_c222720 _d222720 |
||